000 00329nam a22001337a 4500
020 _a9780070534575
082 _222
_a658.404
100 _aHeerkens, Grey R.
245 _aProject management /
250 _aNa
260 _aNew Delhi,
_bTata McGrew Hill,
_cc2003.
300 _axiv,250 p . ;
_bill. ;
_c23 cm.
942 _2ddc
_cCIVIL
_04
999 _c754
_d754